| 000 | 00501nam a2200169Ia 4500 | ||
|---|---|---|---|
| 005 | 20250508153524.0 | ||
| 008 | 008 250505s9999 xx 000 0 eng d | ||
| 037 | _aBooks to be hide in OPAC | ||
| 040 |
_aFEDL _beng _cFEDL |
||
| 041 |
_aeng _2eng |
||
| 084 |
_a307.72, IND/O _qFEDL |
||
| 245 | 0 | _aManual of village leaders' training camp | |
| 245 | 0 | _cMinistry of Community Development and Co-Operation | |
| 300 | _a32p. | ||
| 942 |
_cHB _h307.72, IND/O |
||
| 999 |
_c1343470 _d1343470 |
||